| 000 | 00965nam a22002415i 4500 | ||
|---|---|---|---|
| 001 | 163206 | ||
| 003 | ES-MaACL | ||
| 005 | 20230906212708.0 | ||
| 008 | 040909s1870 sp a |||| | spa d | ||
| 040 |
_aCAM _bspa _cCAM |
||
| 100 | 1 |
_aReid, Mayne ( _d1818-1883) _995977 |
|
| 245 | 1 | 0 |
_aVeladas de caza / _cobra escrita en inglés por el capitán Mayne-Reid ; traducida al español por A.R. y F. |
| 250 | _aEd. il. con grabados. | ||
| 260 |
_aMadrid : _bImprenta de Gaspar y Roig, editores, _c1870. |
||
| 300 |
_a77 p. : _bil. ; _c28 cm. |
||
| 490 | 1 | _aBiblioteca Ilustrada de Gaspar y Roig | |
| 490 | 1 | _aAventuras de mar y tierra | |
| 700 | 1 |
_aRibot y Fontseré, Antonio. _9131779 |
|
| 830 | 0 |
_aBiblioteca Ilustrada de Gaspar y Roig _9177255 |
|
| 830 | 0 |
_aAventuras de mar y tierra _9188405 |
|
| 852 |
_aES-MaACL _jC-1198(7) _z-- Enc. hol. _z-- Legado de M. de la Fuente _q-- Falto de la cub. original _z-- Enc. en un vol. facticio |
||
| 999 |
_c163206 _d163206 |
||